| 000 | 00356nam a22001217a 4500 | ||
|---|---|---|---|
| 008 | 230623b xxu||||| |||| 00| 0 eng d | ||
| 082 |
_a330.96 _bBEN 1961 |
||
| 110 | _bRoyal Institute of International Affairs | ||
| 245 | _a Economic Aid to Underdeveloped Countries | ||
| 260 |
_aLondon _bOxford University Press _c1961 |
||
| 300 | _aX,307p | ||
| 942 |
_2ddc _cBK |
||
| 999 |
_c2543 _d2543 |
||